000 01410nam0a22003371 4500
001 rc\2240521
005 20250623023803.0
035 _a(NLR Aleph) 006532292
090 _a6546734
_c6546734
100 _a20110826d1979 |||y0rusy50 ca
101 0 _arus
102 _aRU
105 _ay z |||||
200 1 _aЛегкая атлетика
_eТехн. подгот. прыгунов с шестом и их тренировка
_eЛекция для студентов-заочников
_f[Подгот. Ягодиным В.М.]
210 _aМосква
_cГЦОЛИФК
_d1979
215 _a26 с.
_d20
300 _aВ надзаг.: Гос. центр. ин-т физ. культуры
300 _aАвт. указан на обороте тит. л.
320 _aБиблиогр.: с. 2 (5 назв.)
606 _aПрыжки с шестом
_jПособия для заочников
_2psbo
686 _aЧ517.117.815я738-2
_2rubbk
700 1 _4070
_7ca
_8rus
_aЯгодин
_bВ. М.
_cканд. пед. наук
_f1923-2005
_gВиктор Михайлович
_92647662
_3RU\NLR\AUTH\770275695
712 0 2 _aЦентральный ин-т физ. культуры
_cМосква
801 0 _aRU
_bNLR
_gpsbo
801 1 _aRU
_bELAR
_2rusmarc
852 _aNLR
_j80-4/15194
899 _aRuMoRGB
_jB 79-58/242
899 _aRuMoRGB
_jB 79-58/243
942 _cBOOK
980 _aNB